| 000 | 00623cam a22002291 4500 | ||
|---|---|---|---|
| 001 | sa 62000664 | ||
| 003 | DLC | ||
| 005 | 20260227111915.0 | ||
| 008 | 890801q19001962ii 000 0 hino | ||
| 010 | _asa 62000664 | ||
| 035 | _a(OCoLC)20109578 | ||
| 040 |
_aDLC _cWaU _dDLC |
||
| 042 | _apremarc | ||
| 043 | _aa-ii--- | ||
| 050 | 0 | 0 |
_aLC1047.I4 _bS5 |
| 100 | 1 | _aSingh, Dwarka. | |
| 245 | 1 | 0 |
_aBuniyādī praśikshaṇa-kendra. _bBasic traning [sic] center organisation, administration, management. |
| 260 | _c[19--] | ||
| 300 |
_a124 p. _c22 cm. |
||
| 500 | _aIn Hindi. | ||
| 650 | 0 |
_aVocational education _zIndia. |
|
| 999 |
_c53005 _d53005 |
||